<?xml version="1.0" encoding="UTF-8"?>
<record
    xmlns:xsi="http://www.w3.org/2001/XMLSchema-instance"
    xsi:schemaLocation="http://www.loc.gov/MARC21/slim http://www.loc.gov/standards/marcxml/schema/MARC21slim.xsd"
    xmlns="http://www.loc.gov/MARC21/slim">

  <leader>02328cam a22005054a 4500</leader>
  <datafield tag="999" ind1=" " ind2=" ">
    <subfield code="c">529981</subfield>
    <subfield code="d">529981</subfield>
  </datafield>
  <controlfield tag="001">15866997</controlfield>
  <controlfield tag="003">NUST</controlfield>
  <controlfield tag="005">20191008123317.0</controlfield>
  <controlfield tag="008">090813s2008    dcua     bt  f000 0 eng c</controlfield>
  <datafield tag="010" ind1=" " ind2=" ">
    <subfield code="a">  2007910445</subfield>
  </datafield>
  <datafield tag="020" ind1=" " ind2=" ">
    <subfield code="a">9780309098014 (pbk.)</subfield>
  </datafield>
  <datafield tag="020" ind1=" " ind2=" ">
    <subfield code="a">0309098017 (pbk.)</subfield>
  </datafield>
  <datafield tag="035" ind1=" " ind2=" ">
    <subfield code="a">(OCoLC)ocn262846764</subfield>
  </datafield>
  <datafield tag="038" ind1=" " ind2=" ">
    <subfield code="a">MSOHAIL</subfield>
  </datafield>
  <datafield tag="040" ind1=" " ind2=" ">
    <subfield code="a">JCR</subfield>
    <subfield code="c">JCR</subfield>
    <subfield code="d">OHDOT</subfield>
    <subfield code="d">PAU</subfield>
    <subfield code="d">IQU</subfield>
    <subfield code="d">DLC</subfield>
  </datafield>
  <datafield tag="042" ind1=" " ind2=" ">
    <subfield code="a">pcc</subfield>
  </datafield>
  <datafield tag="043" ind1=" " ind2=" ">
    <subfield code="a">n-us---</subfield>
  </datafield>
  <datafield tag="050" ind1="0" ind2="0">
    <subfield code="a">TE183</subfield>
    <subfield code="b">.B35 2008</subfield>
  </datafield>
  <datafield tag="082" ind1="0" ind2="0">
    <subfield code="a">388..1120973</subfield>
    <subfield code="2">22</subfield>
  </datafield>
  <datafield tag="100" ind1="1" ind2=" ">
    <subfield code="a">Balducci, Patrick.</subfield>
    <subfield code="9">23143</subfield>
  </datafield>
  <datafield tag="245" ind1="1" ind2="0">
    <subfield code="a">State highway cost allocation studies /</subfield>
    <subfield code="c">consultants, Patrick Balducci and Joseph Stowers.</subfield>
  </datafield>
  <datafield tag="260" ind1=" " ind2=" ">
    <subfield code="a">Washington, D.C. :</subfield>
    <subfield code="b">Transportation Research Board,</subfield>
    <subfield code="c">2008.</subfield>
  </datafield>
  <datafield tag="300" ind1=" " ind2=" ">
    <subfield code="a">65 p. :</subfield>
    <subfield code="b">ill. ;</subfield>
    <subfield code="c">28 cm.</subfield>
  </datafield>
  <datafield tag="490" ind1="1" ind2=" ">
    <subfield code="a">NCHRP synthesis,</subfield>
    <subfield code="x">0547-5570 ;</subfield>
    <subfield code="v">378</subfield>
  </datafield>
  <datafield tag="500" ind1=" " ind2=" ">
    <subfield code="a">At head of title: National Cooperative Highway Research Program.</subfield>
  </datafield>
  <datafield tag="500" ind1=" " ind2=" ">
    <subfield code="a">"A synthesis of highway practice."</subfield>
  </datafield>
  <datafield tag="504" ind1=" " ind2=" ">
    <subfield code="a">Includes bibliographical references (p. 41-44).</subfield>
  </datafield>
  <datafield tag="530" ind1=" " ind2=" ">
    <subfield code="a">Also available online.</subfield>
  </datafield>
  <datafield tag="536" ind1=" " ind2=" ">
    <subfield code="a">Research sponsored by the American Association of State Highway and Transportation Officials in cooperation with the Federal Highway Administration</subfield>
    <subfield code="f">NCHRP project 20-5, topic 38-04</subfield>
  </datafield>
  <datafield tag="650" ind1=" " ind2="0">
    <subfield code="a">Roads</subfield>
    <subfield code="z">United States</subfield>
    <subfield code="x">States</subfield>
    <subfield code="x">Finance.</subfield>
    <subfield code="9">21562</subfield>
  </datafield>
  <datafield tag="650" ind1=" " ind2="0">
    <subfield code="a">Motor fuels</subfield>
    <subfield code="x">Taxation</subfield>
    <subfield code="z">United States</subfield>
    <subfield code="x">States.</subfield>
    <subfield code="9">21838</subfield>
  </datafield>
  <datafield tag="650" ind1=" " ind2="0">
    <subfield code="a">Transportation, Automotive</subfield>
    <subfield code="x">Taxation</subfield>
    <subfield code="z">United States</subfield>
    <subfield code="x">States.</subfield>
    <subfield code="9">23144</subfield>
  </datafield>
  <datafield tag="650" ind1=" " ind2="0">
    <subfield code="a">Highway planning</subfield>
    <subfield code="x">Economic aspects</subfield>
    <subfield code="z">United States</subfield>
    <subfield code="x">States.</subfield>
    <subfield code="9">23145</subfield>
  </datafield>
  <datafield tag="650" ind1=" " ind2="0">
    <subfield code="a">Cost allocation.</subfield>
    <subfield code="9">23146</subfield>
  </datafield>
  <datafield tag="700" ind1="1" ind2=" ">
    <subfield code="a">Stowers, Joseph R.</subfield>
    <subfield code="9">21633</subfield>
  </datafield>
  <datafield tag="710" ind1="2" ind2=" ">
    <subfield code="a">National Research Council (U.S.).</subfield>
    <subfield code="b">Transportation Research Board.</subfield>
    <subfield code="9">23147</subfield>
  </datafield>
  <datafield tag="710" ind1="2" ind2=" ">
    <subfield code="a">National Cooperative Highway Research Program.</subfield>
    <subfield code="9">20864</subfield>
  </datafield>
  <datafield tag="710" ind1="2" ind2=" ">
    <subfield code="a">American Association of State Highway and Transportation Officials.</subfield>
    <subfield code="9">19553</subfield>
  </datafield>
  <datafield tag="710" ind1="1" ind2=" ">
    <subfield code="a">United States.</subfield>
    <subfield code="b">Federal Highway Administration.</subfield>
    <subfield code="9">20149</subfield>
  </datafield>
  <datafield tag="830" ind1=" " ind2="0">
    <subfield code="a">Synthesis of highway practice ;</subfield>
    <subfield code="v">378.</subfield>
    <subfield code="9">23148</subfield>
  </datafield>
  <datafield tag="856" ind1="4" ind2="1">
    <subfield code="3">TRB access</subfield>
    <subfield code="u">http://onlinepubs.trb.org/onlinepubs/nchrp/nchrp_syn_378.pdf</subfield>
  </datafield>
  <datafield tag="906" ind1=" " ind2=" ">
    <subfield code="a">7</subfield>
    <subfield code="b">cbc</subfield>
    <subfield code="c">pccadap</subfield>
    <subfield code="d">2</subfield>
    <subfield code="e">ncip</subfield>
    <subfield code="f">20</subfield>
    <subfield code="g">y-gencatlg</subfield>
  </datafield>
  <datafield tag="942" ind1=" " ind2=" ">
    <subfield code="2">ddc</subfield>
    <subfield code="c">BK</subfield>
  </datafield>
  <datafield tag="952" ind1=" " ind2=" ">
    <subfield code="0">0</subfield>
    <subfield code="1">0</subfield>
    <subfield code="2">ddc</subfield>
    <subfield code="4">0</subfield>
    <subfield code="7">0</subfield>
    <subfield code="a">NIT</subfield>
    <subfield code="b">NIT</subfield>
    <subfield code="d">2019-10-08</subfield>
    <subfield code="l">0</subfield>
    <subfield code="o">388..1120973</subfield>
    <subfield code="p">NIT-11187</subfield>
    <subfield code="r">2019-10-08</subfield>
    <subfield code="w">2019-10-08</subfield>
    <subfield code="y">BK</subfield>
  </datafield>
</record>
